Համառօտ տեղագրութիւն հնութեանց մեծին Շիրակայ եւ մայրաքաղաքին Անիոյ / (Record no. 122017)
[ view plain ]
| 000 -LEADER | |
|---|---|
| fixed length control field | 01332nam a2200241 a 4500 |
| 001 - CONTROL NUMBER | |
| control field | 000326883 |
| 003 - CONTROL NUMBER IDENTIFIER | |
| control field | AM-YeHGA |
| 005 - DATE AND TIME OF LATEST TRANSACTION | |
| control field | 20250618072046.0 |
| 008 - FIXED-LENGTH DATA ELEMENTS--GENERAL INFORMATION | |
| fixed length control field | 040414s1903 ai r 000 0 arm d |
| 040 ## - CATALOGING SOURCE | |
| Original cataloging agency | AM-YeHGA |
| 041 0# - LANGUAGE CODE | |
| Language code of text/sound track or separate title | arm |
| 090 ## - LOCALLY ASSIGNED LC-TYPE CALL NUMBER (OCLC); LOCAL CALL NUMBER (RLIN) | |
| -- | 123370 |
| 100 1# - MAIN ENTRY--PERSONAL NAME | |
| Personal name | Գէորգեանց, Մելքիսեդեկ |
| 245 10 - TITLE STATEMENT | |
| Title | Համառօտ տեղագրութիւն հնութեանց մեծին Շիրակայ եւ մայրաքաղաքին Անիոյ / |
| Statement of responsibility, etc. | Աշխատասիր.՝ Մելքիսեդեկ քհ. Գէորգեանց Շիրակացւոյ. |
| 260 ## - PUBLICATION, DISTRIBUTION, ETC. | |
| Place of publication, distribution, etc. | Աղէքսանդրապօլ : |
| Name of publisher, distributor, etc. | տպ. Յովհ. Ափինեանցի, |
| Date of publication, distribution, etc. | 1903. |
| 300 ## - PHYSICAL DESCRIPTION | |
| Extent | 221, III էջ ; |
| Dimensions | 21 սմ. |
| 500 ## - GENERAL NOTE | |
| General note | Ի հայրապետ. Տ.Տ. Մկրտչի Առաջնոյ Աստուած-ընտիր Կաթողիկոսի Ամենայն Հայոց |
| 501 ## - WITH NOTE | |
| With note | Ալիգ. 1 : Կազմակից են՝ Ստ. Մխիթարեանց՝ Ստորագրութիւն հռչակաւոր մեծի ուխտին այրի Վանաց սրբոյն Գեղարդայ.- Վաղարշապատ, 1873; Թ. Թօրամանեան՝ Ո՞րն է իսկական Հոռոմոսի վանքը.- Ալէքսանդրապօլ, 1911 |
| 650 14 - SUBJECT ADDED ENTRY--TOPICAL TERM | |
| Topical term or geographic name entry element | Հնագիտություն |
| Geographic subdivision | Հայաստան |
| 650 14 - SUBJECT ADDED ENTRY--TOPICAL TERM | |
| Topical term or geographic name entry element | Հայաստանի քաղաքներ |
| 9 (RLIN) | 5294 |
| 651 #4 - SUBJECT ADDED ENTRY--GEOGRAPHIC NAME | |
| Geographic name | Անի |
| 942 ## - ADDED ENTRY ELEMENTS (KOHA) | |
| Source of classification or shelving scheme | Universal Decimal Classification |
| Koha item type | Գրքեր / Books |
| Withdrawn status | Lost status | Source of classification or shelving scheme | Damaged status | Not for loan | Collection | Home library | Current library | Date acquired | Total checkouts | Full call number | Barcode | Date last seen | Price effective from | Koha item type | Public note |
|---|---|---|---|---|---|---|---|---|---|---|---|---|---|---|---|
| Universal Decimal Classification | Agulian Individual Collection | Fundamental Scientific Library | Fundamental Scientific Library | 22/12/2016 | Agul/433 | FL0081309 | 22/12/2016 | 22/12/2016 | Գրքեր / Books | ILL Non-Circ. | |||||
| General | Fundamental Scientific Library | Fundamental Scientific Library | 22/12/2016 | AII/67019 | 220067019 | 22/12/2016 | 22/12/2016 | Գրքեր / Books | 30 Days Loan |
ՀՀ Գիտությունների ազգային ակադեմիայի հիմնարար գիտական գրադարան = Fundamental Scientific Library of NAS RA
All site content, except where otherwise noted, is licensed under a